Leader xxxxxxxxxx
001 __ PCLIS00034927
005 __ 20220613093716.0
010 0_ |a957-444-124-5|b平裝|dNT$320
100 __ |a20041124d2004 m y0chiy09 e
101 0_ |achi
102 __ |atw
105 __ |ac z 000cd
200 1_ |a九十二年散文選|f顏崑陽主編
205 __ |a初版
210 __ |a臺北市|c九歌|d2004(民93)
215 0_ |a446面|c像|d21公分
225 1_ |a九歌文庫|v681
300 __ |a作者號取自劃一題名
300 __ |a附錄: 九十二年度散文紀事 / 杜秀卿
500 11 |a九歌散文選|m中文
517 1_ |aCollected short stories 2003|zeng
517 1_ |a92年散文選|zchi
681 __ |a855|b8677
681 __ |a855|b8266
700 _1 |a顏|b崑陽|4主編
801 _0 |atw|b內湖高中|c20041124|gCCR
|